Ponctualité SNCF Transilien : les meilleurs et pires mois - Statistiques

Statistiques générales
  • Ce quiz a été pris 51 fois
    16 depuis la dernière actualisation
  • Le résultat moyen est 15 sur 40
Statistiques - réponses
Classement Mois concerné Taux de ponctualité Nb voyageurs à l'heure pour un voyageur en retard Ligne concernée % Correct
1 Mars 2020 99,4% 168,7 U
92%
2 Juillet 2022 98,7% 76,6 K
85%
3 Septembre 2022 98,4% 62,7 K
69%
5 Août 2024 98,4% 60,1 L
62%
4 Août 2024 98,4% 62,3 U
62%
6 Août 2024 98% 49,1 H
46%
7 Juillet 2023 98% 48,9 U
46%
11 Août 2017 97,6% 40,7 H
38%
13 Janvier 2023 97,6% 40,2 H
38%
18 Septembre 2024 97,5% 38,7 H
38%
2 Décembre 2016 58,1 % 1,4 H
38%
8 Octobre 2023 98% 48,9 K
38%
10 Février 2023 97,8% 44 K
38%
12 Mars 2024 97,6% 40,2 K
38%
19 Mai 2024 97,4% 38,1 K
38%
30 Juin 2013 71,9% 2,6 K
38%
15 Mai 2022 97,5% 39,2 L
38%
16 Mai 2021 97,5% 39,1 L
38%
20 Avril 2021 97,4% 37,6 L
38%
40 Février 2018 73,2% 2,7 R
38%
9 Août 2021 97,8% 44,1 U
38%
14 Août 2023 97,5% 39,5 U
38%
17 Juillet 2021 97,5% 38,8 U
38%
1 Juillet 2022 44,9 % 0,8 U
38%
3 Août 2022 63,3 % 1,7 U
38%
4e à 39e (sauf 30e) Certains mois de Juin 2014 à Novembre 2017 65,8% à 73,1% 1,9 à 2,7 A
31%
43 Avril 2017 73,9% 2,8 A
31%
41 Mars 2020 73,5 % 2,8 B
31%
42 Juillet 2022 73,8 % 2,8 B
31%
47 Janvier 2013 75,2 % 3,0 K
31%
45 Juillet 2017 74,5% 2,9 R
31%
44 Septembre 2022 74% 2,8 U
31%
46 Janvier 2015 74,5% 2,9 A
23%
48 Février 2013 75,2 % 3,0 K
23%
54 Janvier 2014 76,6 % 3,3 K
23%
52 Février 2018 76,3 % 3,2 P
23%
51 Juin 2017 76,2 % 3,2 R
23%
49 Mai 2016 75,3 % 3,0 A
15%
50 Août 2021 75,7 % 3,1 B
15%
53 Octobre 2019 76,5 % 3,3 B
15%
Aucun quiz correspondant
Distribution des résultats
% des personnes avec chaque résultat
Percentile par nombre de réponses
Votre historique - résultats
Vous n’avez pas pris ce quiz depuis la dernière actualisation